History of the Protestant religions. (Record no. 2686)

000 -LEADER
fixed length control field 00596nam a2200193 a 4500
001 - CONTROL NUMBER
control field :::00000411$&:&@@
003 - CONTROL NUMBER IDENTIFIER
control field OkBaRHE
005 - DATE AND TIME OF LATEST TRANSACTION
control field 20100119192236.0
008 - FIXED-LENGTH DATA ELEMENTS--GENERAL INFORMATION
fixed length control field s1914 j 000 0 eng u
040 ## - CATALOGING SOURCE
Transcribing agency
100 1# - MAIN ENTRY--PERSONAL NAME
Personal name Meagher, James Luke.
245 10 - TITLE STATEMENT
Title History of the Protestant religions.
260 ## - PUBLICATION, DISTRIBUTION, ETC. (IMPRINT)
Place of publication, distribution, etc New York, NY., :
Name of publisher, distributor, etc Christian Press Association
Date of publication, distribution, etc 1914
300 ## - PHYSICAL DESCRIPTION
Extent 653 p. ;
Dimensions 20 cm.
650 ## - SUBJECT ADDED ENTRY--TOPICAL TERM
Topical term or geographic name as entry element Protestant churches.
650 ## - SUBJECT ADDED ENTRY--TOPICAL TERM
Topical term or geographic name as entry element Protestantism
General subdivision History.
942 ## - ADDED ENTRY ELEMENTS (KOHA)
Source of classification or shelving scheme
Koha item type Books
Copies
Date last seen Damaged status Lost status Price effective from Date acquired Shelving location Koha item type Permanent Location Copy number Source of classification or shelving scheme Not for loan Withdrawn status Barcode Full call number
2010-04-14  2010-04-142010-04-14General StacksBooksRHEMA Bible Training College1   411BX 4805 .M4